[Event "Open Est 2013-2014"]
[Site "Salle Lakanal Aubagne"]
[Date "2014.02.15"]
[Round "6.1"]
[White "Derige Kane, Yan"]
[Black "Benezra, Amos"]
[Result "0-1"]
[WhiteElo "1646"]
[BlackElo "1719"]
[PlyCount "128"]
[EventDate "2014.??.??"]

1. d4 Nf6 2. c4 c5 3. d5 e6 4. Nc3 exd5 5. cxd5 d6 6. e4 g6 7. f4 Bg7 8. Nf3
O-O 9. Bd3 Bg4 10. O-O a6 11. a4 Nbd7 12. Rb1 Qc7 13. Re1 Rfe8 14. h3 Bxf3 15.
Qxf3 c4 16. Bc2 Rab8 17. Bd2 b5 18. axb5 axb5 19. Na2 Qa7+ 20. Re3 Nxd5 21. Nc3
Nxe3 22. Bxe3 Bd4 23. Bxd4 Qxd4+ 24. Kh2 b4 25. Rd1 Qf6 26. Nd5 Qxb2 27. Ba4
Red8 28. e5 Kg7 29. Bxd7 Rxd7 30. Qg4 Ra7 31. Qg5 Re8 32. Qf6+ Kg8 33. Qxd6 Ra2
34. Nf6+ Kh8 35. Rg1 Rea8 36. Ng4 R2a6 37. Qe7 Kg7 38. Qg5 h5 39. Qh6+ Kg8 40.
Rb1 Qc3 41. Nf6+ Rxf6 42. exf6 Qxf6 43. Rxb4 c3 44. Rc4 Rd8 45. Qg5 Qxg5 46.
fxg5 Rd3 47. h4 Kf8 48. Kg1 Rd1+ 49. Kf2 Rc1 50. Ke2 Ke7 51. Kd3 Ke6 52. g4 Rg1
53. gxh5 gxh5 54. Rc6+ Kf5 55. Rf6+ Kg4 56. g6 Rg3+ 57. Kc2 fxg6 58. Rxg6+ Kxh4
59. Rf6 Kh3 60. Rf4 h4 61. Rf1 Kg2 62. Re1 h3 63. Re2+ Kf1 64. Re8 h2 0-1

[Event "Open Est 2013-2014"]
[Site "Salle Lakanal Aubagne"]
[Date "2014.02.15"]
[Round "6.2"]
[White "Crapon, Laurent"]
[Black "Vialette, Eric"]
[Result "1-0"]
[WhiteElo "1781"]
[BlackElo "1684"]
[PlyCount "83"]
[EventDate "2014.??.??"]

1. d4 Nf6 2. Nf3 g6 3. Bf4 Bg7 4. e3 d6 5. c4 Nh5 6. Bg3 Nxg3 7. hxg3 c5 8. Nc3
cxd4 9. Nxd4 Bd7 10. Be2 Nc6 11. Nxc6 bxc6 12. Qc2 Rb8 13. Kd2 Qa5 14. Rhb1 O-O
15. a3 Rb7 16. b4 Qg5 17. Qe4 Qf6 18. Nd1 Bf5 19. Qxc6 Bxb1 20. Rxb1 Rfb8 21.
Rc1 Qe6 22. Bf3 Qd7 23. Qxd7 Rxd7 24. b5 e6 25. Bc6 Rdd8 26. e4 f5 27. f3 fxe4
28. fxe4 Rf8 29. Ke2 Bd4 30. Rc2 Rf6 31. Rd2 e5 32. Rd3 Rbf8 33. Rf3 g5 34. Ne3
Bxe3 35. Kxe3 Rh6 36. a4 Rh1 37. a5 Ra1 38. b6 Rxf3+ 39. gxf3 axb6 40. axb6 Kf8
41. b7 Rb1 42. Bb5 1-0

[Event "Open Est 2013-2014"]
[Site "Salle Lakanal Aubagne"]
[Date "2014.02.15"]
[Round "6.3"]
[White "Gambino, Max"]
[Black "Gamblin, Thibaut"]
[Result "1/2-1/2"]
[WhiteElo "1671"]
[BlackElo "1479"]
[PlyCount "88"]
[EventDate "2014.??.??"]

1. e4 e6 2. d4 d5 3. exd5 exd5 4. Bd3 Bd6 5. Nf3 Nf6 6. Bg5 Qe7+ 7. Qe2 Qxe2+
8. Kxe2 Nh5 9. Re1 O-O 10. Kf1 h6 11. Be7 Bxe7 12. Rxe7 c6 13. Nbd2 Nf4 14. Ne5
Nxd3 15. Nxd3 Na6 16. Rae1 Rb8 17. Nb3 Bf5 18. Nbc5 Bxd3+ 19. Nxd3 f6 20. c3
Rf7 21. Nf4 Nc7 22. h4 a6 23. h5 Rc8 24. R1e3 Nb5 25. Ng6 Nd6 26. R3e6 Rxe7 27.
Nxe7+ Kf7 28. Nxc8 Kxe6 29. Nxd6 Kxd6 30. Ke2 Ke6 31. g4 f5 32. f3 a5 33. Ke3
fxg4 34. fxg4 Kf6 35. Kf4 a4 36. b3 a3 37. c4 b6 38. cxd5 cxd5 39. b4 b5 40.
Kf3 g6 41. hxg6 Kxg6 42. Kf4 Kf6 43. Kg3 Kg5 44. Kf3 Kg6 1/2-1/2

[Event "Open Est 2013-2014"]
[Site "Salle Lakanal Aubagne"]
[Date "2014.02.15"]
[Round "6.4"]
[White "Cocordano, Claire"]
[Black "Salvi, Michel"]
[Result "0-1"]
[WhiteElo "1519"]
[BlackElo "1654"]
[PlyCount "130"]
[EventDate "2014.??.??"]

1. e4 c5 2. Nf3 Nc6 3. c3 g6 4. d4 cxd4 5. cxd4 Bg7 6. Be3 Nf6 7. Nc3 a6 8. d5
Na7 9. h3 d6 10. Qd2 h5 11. Bd3 Bd7 12. O-O Nb5 13. a4 Nxc3 14. bxc3 Rc8 15. a5
Bb5 16. Bb6 Qd7 17. Rac1 Bh6 18. Bxb5 Qxb5 19. Ng5 Nxe4 20. Qd4 Nf6 21. c4 Qd7
22. h4 O-O 23. c5 dxc5 24. Rxc5 Rxc5 25. Bxc5 Qxd5 26. Qxd5 Nxd5 27. Rd1 Rc8
28. Ne4 e6 29. Bd4 Bg7 30. Nd6 Rd8 31. Nxb7 Nc3 32. Nxd8 Nxd1 33. Bb6 Nb2 34.
Nc6 Nc4 35. Kf1 Kf8 36. Ke2 Ke8 37. Nb8 Bc3 38. Nxa6 Bxa5 39. Bxa5 Nxa5 40. Kd3
Ke7 41. Nc5 f6 42. Ke4 Nc6 43. Nd3 Kd6 44. f4 Ne7 45. g3 Nf5 46. Kf3 Kd5 47.
Nf2 Nd4+ 48. Ke3 Nc2+ 49. Kf3 Nd4+ 50. Ke3 e5 51. fxe5 fxe5 52. Nh3 Nf5+ 53.
Kf3 e4+ 54. Kf4 e3 55. Ng1 Kd4 56. Ne2+ Kd3 57. Kf3 Kd2 58. Nf4 Nd4+ 59. Ke4 e2
60. Nxe2 Nxe2 61. Kf3 Kd3 62. g4 Nd4+ 63. Kg3 Ke3 64. gxh5 gxh5 65. Kh3 Kf3 0-1

[Event "Open Est 2013-2014"]
[Site "Salle Lakanal Aubagne"]
[Date "2014.02.15"]
[Round "6.5"]
[White "Velut, Pierre-Marie"]
[Black "Gamblin, Antoine"]
[Result "1-0"]
[WhiteElo "1600"]
[BlackElo "1242"]
[PlyCount "76"]
[EventDate "2014.??.??"]

1. d4 d5 2. c4 e6 3. Nf3 Nf6 4. cxd5 exd5 5. Nc3 Nc6 6. Bg5 h6 7. Bh4 Be7 8. e3
O-O 9. a3 Bf5 10. Bd3 Ne4 11. Bxe7 Nxe7 12. O-O Nxc3 13. bxc3 c6 14. Ne5 f6 15.
Bxf5 fxe5 16. Be6+ Kh8 17. dxe5 Ng6 18. f4 Qb6 19. Qd4 Qxd4 20. cxd4 Rae8 21.
Bg4 Ne7 22. Rab1 Rb8 23. Rb3 g6 24. Rfb1 b5 25. Rc1 Rb6 26. Rbc3 Rd8 27. Bh3
Nf5 28. Bxf5 gxf5 29. Rxc6 Rdb8 30. Rc8+ Kg7 31. Rxb8 Rxb8 32. Rc7+ Kg6 33.
Rxa7 b4 34. axb4 Rxb4 35. Kf2 Rb2+ 36. Kf3 Rb8 37. Rd7 Rb5 38. h3 Kh5 1-0

[Event "Open Est 2013-2014"]
[Site "Salle Lakanal Aubagne"]
[Date "2014.02.15"]
[Round "6.6"]
[White "Gauci Schacre, Jeremy"]
[Black "Fournier, Alain"]
[Result "1-0"]
[WhiteElo "1230"]
[BlackElo "1590"]
[PlyCount "83"]
[EventDate "2014.??.??"]

1. e4 e5 2. Nf3 f5 3. d3 Nf6 4. Nxe5 fxe4 5. dxe4 Qe7 6. Qd4 d6 7. Nf3 Nxe4 8.
Be2 Nc6 9. Qc4 Nf6 10. O-O d5 11. Qb3 Qf7 12. Re1 Be7 13. c4 d4 14. Ng5 Qf8 15.
c5 h6 16. Ne6 Bxe6 17. Qxe6 Qf7 18. Qxf7+ Kxf7 19. Bc4+ Kf8 20. Bf4 Ne8 21. Na3
Nb4 22. Re4 Bxc5 23. Be5 Nd6 24. Rf4+ Ke7 25. Bxg7 Rh7 26. Bxd4 Bxd4 27. Rxd4
c5 28. Re1+ Kd7 29. Rd2 Re7 30. Bb5+ Nc6 31. Bxc6+ bxc6 32. Red1 Rae8 33. Rxd6+
Kc7 34. Kf1 Re4 35. Rxh6 Re2 36. Nc4 Rc2 37. Rh7+ Kb8 38. Na5 Rxb2 39. Nxc6+
Kc8 40. g3 Rxa2 41. Rdd7 Ra1+ 42. Kg2 1-0

[Event "Open Est 2013-2014"]
[Site "Salle Lakanal Aubagne"]
[Date "2014.02.15"]
[Round "6.7"]
[White "Ollier, Laurent"]
[Black "Benezra, David"]
[Result "1-0"]
[WhiteElo "1527"]
[BlackElo "1403"]
[PlyCount "43"]
[EventDate "2014.??.??"]

1. f4 Nf6 2. Nf3 g6 3. g3 Bg7 4. Bg2 O-O 5. d3 d5 6. O-O c6 7. Qe1 Qb6+ 8. Kh1
Ng4 9. e4 dxe4 10. dxe4 Bxb2 11. Bxb2 Qxb2 12. Nc3 Qxc2 13. h3 Nf6 14. Qe3 Rd8
15. Rad1 Rxd1 16. Rxd1 Nxe4 17. Rd8+ Kg7 18. Nxe4 Bf5 19. Nc3 Qb2 20. Qe5+ Kh6
21. Rg8 f6 22. Qxe7 1-0

[Event "Open Est 2013-2014"]
[Site "Salle Lakanal Aubagne"]
[Date "2014.02.15"]
[Round "6.8"]
[White "Cotton, Paul"]
[Black "Hunault, Francis"]
[Result "0-1"]
[WhiteElo "1400"]
[BlackElo "1660"]
[PlyCount "58"]
[EventDate "2014.??.??"]

1. Nf3 c5 2. c4 Nc6 3. g3 e5 4. d3 Nf6 5. Nc3 Be7 6. Bg2 d6 7. O-O O-O 8. a3
Be6 9. Rb1 Rb8 10. b4 b6 11. b5 Nd4 12. Nxd4 cxd4 13. Ne4 d5 14. Ng5 Bf5 15. e4
dxe4 16. Nxe4 Nxe4 17. dxe4 Be6 18. f4 f6 19. fxe5 Bxc4 20. Rf2 fxe5 21. Rc2
Rc8 22. a4 d3 23. Rc3 Qd4+ 24. Kh1 Qxc3 25. Bb2 Bb3 26. Qh5 Qc2 27. Rf1 Rxf1+
28. Bxf1 Rf8 29. Kg1 Bc5+ 0-1

[Event "Open Est 2013-2014"]
[Site "Salle Lakanal Aubagne"]
[Date "2014.02.15"]
[Round "6.9"]
[White "Cescon, Moreno"]
[Black "Reynaud, Jacques"]
[Result "1-0"]
[WhiteElo "1772"]
[BlackElo "1413"]
[PlyCount "77"]
[EventDate "2014.??.??"]

1. e4 c6 2. d4 d5 3. exd5 cxd5 4. Nf3 Nc6 5. Bb5 a6 6. Bxc6+ bxc6 7. Ne5 Bb7 8.
O-O e6 9. c3 Nf6 10. Bg5 Be7 11. Nd2 h6 12. Bh4 Rc8 13. Rc1 c5 14. Qa4+ Nd7 15.
Bxe7 Kxe7 16. Ndf3 g5 17. Rfe1 Rg8 18. Qb3 Rc7 19. Qc2 Qf8 20. Nxd7 Kxd7 21.
Ne5+ Kc8 22. Qe2 Kb8 23. a3 c4 24. Qc2 Rg7 25. Qa4 Qe7 26. b3 f6 27. Nf3 Qd6
28. Qe8+ Bc8 29. bxc4 Rge7 30. Rb1+ Ka7 31. Qg6 Rxc4 32. Qxf6 Rcc7 33. Rb3 Qf4
34. Qxh6 Rh7 35. Qxg5 Qf8 36. Qe3 Rcg7 37. g3 Qf5 38. Qe5 Qxf3 39. Qb8# 1-0

[Event "Open Est 2013-2014"]
[Site "Salle Lakanal Aubagne"]
[Date "2014.02.15"]
[Round "6.10"]
[White "Benvenuto, Richard"]
[Black "San-Nicolas, Robert"]
[Result "1-0"]
[WhiteElo "1410"]
[BlackElo "1600"]
[PlyCount "69"]
[EventDate "2014.??.??"]

1. d4 Nf6 2. Nf3 e6 3. e3 d5 4. Bd3 b6 5. O-O c5 6. dxc5 bxc5 7. Nc3 Nc6 8. a3
c4 9. Be2 e5 10. b3 d4 11. exd4 exd4 12. Nb5 Bc5 13. Bb2 c3 14. Bc1 O-O 15. a4
Re8 16. Bg5 a6 17. Bxf6 Qd7 18. Bxd4 Bb4 19. Na3 Re4 20. Be3 Qe7 21. Bd3 Re6
22. Re1 h6 23. Nd4 Nxd4 24. Bxd4 Bxa3 25. Rxe6 Bxe6 26. Bxc3 a5 27. Qe1 Bd6 28.
Qe4 Qa7 29. Qh7+ Kf8 30. Qxg7+ Ke7 31. Qf6+ Ke8 32. Qh8+ Bf8 33. Bb5+ Kd8 34.
Qf6+ Kc7 35. Rd1 1-0

[Event "Open Est 2013-2014"]
[Site "Salle Lakanal Aubagne"]
[Date "2014.02.15"]
[Round "6.11"]
[White "Cavanihac, Claude"]
[Black "Evanno, Georges"]
[Result "1-0"]
[WhiteElo "1569"]
[BlackElo "1370"]
[PlyCount "45"]
[EventDate "2014.??.??"]

1. d4 d5 2. c4 b6 3. cxd5 Qxd5 4. Nc3 Qd8 5. e4 Nf6 6. Nf3 e6 7. Bg5 Bb4 8.
Qa4+ Nbd7 9. Qxb4 c5 10. dxc5 bxc5 11. Qa4 O-O 12. Rd1 Qc7 13. Bxf6 Nxf6 14.
Be2 Bd7 15. Bb5 Rab8 16. Bxd7 Rb4 17. Qc6 Qb8 18. e5 Rb6 19. Qxc5 Nxd7 20. Rxd7
Rxb2 21. O-O a6 22. Rfd1 Rc8 23. Qxc8+ 1-0

[Event "Open Est 2013-2014"]
[Site "Salle Lakanal Aubagne"]
[Date "2014.02.15"]
[Round "6.12"]
[White "Benezra, Ruthy"]
[Black "Telouk, Olivier"]
[Result "0-1"]
[WhiteElo "1310"]
[BlackElo "1560"]
[PlyCount "82"]
[EventDate "2014.??.??"]

1. e4 c5 2. Nf3 d6 3. d4 cxd4 4. Nxd4 Nf6 5. Nc3 g6 6. Bb5+ Bd7 7. Qd3 a6 8.
Bxd7+ Nbxd7 9. Bg5 Bg7 10. Qd2 O-O 11. O-O Nc5 12. f3 Qb6 13. Rab1 Ne6 14. Be3
Nxd4 15. Bxd4 Nxe4 16. Nxe4 Qxd4+ 17. Rf2 Qxd2 18. Rxd2 f5 19. Nf2 Rad8 20. b3
e5 21. Rbd1 Rf6 22. Kf1 e4 23. Ke2 Re6 24. Ke3 f4+ 25. Kxf4 Bh6+ 26. Kg4 Bxd2
27. Rxd2 e3 28. Re2 exf2 29. Rxf2 Rde8 30. Kg3 Re2 31. f4 R8e3+ 32. Rf3 Rxf3+
33. Kxf3 Rxc2 34. Kg3 Rxa2 35. Kh3 Ra3 36. g3 Rxb3 37. Kh4 a5 38. Kh3 a4 39.
Kh4 a3 40. Kh3 a2 41. Kh4 a1=Q 0-1

[Event "Open Est 2013-2014"]
[Site "Salle Lakanal Aubagne"]
[Date "2014.02.15"]
[Round "6.13"]
[White "Leadbetter, Peter"]
[Black "Mineo, Francois"]
[Result "1-0"]
[WhiteElo "1480"]
[BlackElo "1280"]
[PlyCount "43"]
[EventDate "2014.??.??"]

1. d4 d5 2. c4 dxc4 3. Nc3 Nf6 4. e3 Bf5 5. Bxc4 e6 6. Nf3 Nc6 7. O-O Ne4 8.
Nxe4 Bxe4 9. Nd2 Bf5 10. Re1 Qg5 11. Nf3 Qh5 12. Be2 Bd6 13. Ne5 Qh6 14. e4
Bxe5 15. Bxh6 Bxd4 16. exf5 gxh6 17. fxe6 O-O-O 18. Qb3 fxe6 19. Qxe6+ Kb8 20.
Bf3 Bxb2 21. Rab1 Bc3 22. Bxc6 1-0

[Event "Open Est 2013-2014"]
[Site "Salle Lakanal Aubagne"]
[Date "2014.02.15"]
[Round "6.14"]
[White "Roux, Jean-Marie"]
[Black "Kallenberg, Hardi"]
[Result "1-0"]
[WhiteElo "1375"]
[BlackElo "1470"]
[PlyCount "67"]
[EventDate "2014.??.??"]

1. e4 e5 2. Nf3 Nf6 3. Nc3 Nc6 4. Bc4 Na5 5. Be2 Nc6 6. d3 h6 7. Be3 Bb4 8. Qd2
d5 9. exd5 Nxd5 10. O-O Nxe3 11. Qxe3 Bxc3 12. bxc3 Qe7 13. Rab1 O-O 14. Rfe1
Qd6 15. Nh4 Be6 16. a4 b6 17. Red1 Qa3 18. Bf3 Qxa4 19. Ra1 Qxc2 20. Bxc6 Rad8
21. c4 Rd6 22. Ba4 Qb2 23. Nf3 f6 24. h3 Bf7 25. Nh4 c5 26. Nf5 Rdd8 27. Bc6
Kh8 28. Be4 Qc3 29. Nxh6 Bh5 30. Rac1 Qb2 31. Nf5 g5 32. h4 Rg8 33. hxg5 fxg5
34. Qh3 1-0

[Event "Open Est 2013-2014"]
[Site "Salle Lakanal Aubagne"]
[Date "2014.02.15"]
[Round "6.15"]
[White "Gamblin, Vincent"]
[Black "Brongers, Claudine"]
[Result "0-1"]
[WhiteElo "1458"]
[BlackElo "1210"]
[PlyCount "72"]
[EventDate "2014.??.??"]

1. e4 e5 2. Nf3 Nc6 3. Bb5 Bc5 4. Nc3 Nf6 5. d3 a6 6. Ba4 b5 7. Bb3 b4 8. Nd5
h6 9. O-O O-O 10. h3 Re8 11. c3 a5 12. Qc2 bxc3 13. bxc3 Bb7 14. Re1 Nb8 15.
Bb2 c6 16. Ne3 d5 17. exd5 cxd5 18. d4 Bd6 19. dxe5 Bxe5 20. Nxe5 Rxe5 21. c4
d4 22. Rad1 Nc6 23. Kf1 Ne4 24. Nd5 Qh4 25. Bxd4 Nxd4 26. Rxd4 Ng3+ 27. fxg3
Rxe1+ 28. Kxe1 Re8+ 29. Kd2 Qxd4+ 30. Qd3 Qf2+ 31. Kc3 Bxd5 32. Qxd5 Re3+ 33.
Kd4 Qd2+ 34. Kc5 Qb4+ 35. Kd4 Qc3+ 36. Kc5 Re5 0-1

[Event "Open Est 2013-2014"]
[Site "Salle Lakanal Aubagne"]
[Date "2014.02.15"]
[Round "6.16"]
[White "Bauden, Thomas"]
[Black "Ulloa, Philippe"]
[Result "0-1"]
[WhiteElo "1290"]
[BlackElo "1428"]
[PlyCount "112"]
[EventDate "2014.??.??"]

1. d4 d5 2. c4 c6 3. Nf3 e6 4. Bf4 Nd7 5. e3 h6 6. Nc3 Ngf6 7. h3 Bb4 8. a3
Bxc3+ 9. bxc3 Ne4 10. Qc2 Qa5 11. Bd3 Nxc3 12. Qd2 b6 13. Ne5 Nf6 14. Nxc6 Nfe4
15. Bxe4 Nxe4 16. Qxa5 bxa5 17. Nxa5 Ba6 18. cxd5 exd5 19. f3 Nf6 20. Nb3 O-O
21. Nc5 Bc4 22. Rb1 Rfe8 23. Kf2 a6 24. Rhc1 Nh7 25. Nb7 g5 26. Bh2 Re6 27. Nc5
Ree8 28. e4 h5 29. e5 Nf8 30. Rb6 Ng6 31. e6 f6 32. Re1 Ne7 33. Nd7 Kg7 34. Bd6
Nf5 35. Bc5 Rad8 36. g4 hxg4 37. hxg4 Nh4 38. Rb7 Kg6 39. e7 Rc8 40. Rb8 Kf7
41. Rxc8 Rxc8 42. Nb6 Re8 43. Rc1 Ng6 44. Nxc4 dxc4 45. Rxc4 Nxe7 46. Bxe7 Rxe7
47. Rc6 Ra7 48. Ke3 Ke8 49. d5 a5 50. Ke4 a4 51. Kf5 Ra5 52. Rxf6 Rxd5+ 53. Kg6
Rc5 54. Rf5 Rc3 55. Rxg5 Rxf3 56. Re5+ Kd7 0-1

[Event "Open Est 2013-2014"]
[Site "Salle Lakanal Aubagne"]
[Date "2014.02.15"]
[Round "6.17"]
[White "Periale, Albert"]
[Black "Benezra, Esther"]
[Result "1/2-1/2"]
[WhiteElo "1340"]
[BlackElo "1463"]
[PlyCount "72"]
[EventDate "2014.??.??"]

1. d4 d5 2. Nf3 Nf6 3. Bf4 e6 4. c3 Nc6 5. h3 Bd6 6. Bxd6 cxd6 7. e3 O-O 8. Bd3
e5 9. dxe5 dxe5 10. Bc2 b6 11. O-O Ba6 12. Re1 Qd6 13. e4 Rfd8 14. exd5 Nxd5
15. Nbd2 Nf6 16. Ne4 Qe7 17. Qb1 h6 18. Nxf6+ Qxf6 19. Qc1 Bd3 20. Re3 Bxc2 21.
Qxc2 Qd6 22. Rae1 f6 23. R3e2 Qe6 24. a3 Rd6 25. Rd2 Rad8 26. Red1 Qe7 27. b4
Rxd2 28. Rxd2 Rxd2 29. Qxd2 Qd8 30. Qe2 Qd7 31. Qd2 Qxd2 32. Nxd2 Kf7 33. g3
Ke6 34. Kg2 Ne7 35. c4 Nf5 36. Nb3 Kd7 1/2-1/2

[Event "Open Est 2013-2014"]
[Site "Salle Lakanal Aubagne"]
[Date "2014.02.15"]
[Round "6.18"]
[White "Gomez, Guy"]
[Black "Konate, Salma"]
[Result "1-0"]
[WhiteElo "1652"]
[BlackElo "1342"]
[PlyCount "59"]
[EventDate "2014.??.??"]

1. e4 e5 2. Nf3 Nc6 3. a3 a6 4. Bc4 Bc5 5. O-O Nf6 6. Re1 d6 7. b4 Ba7 8. Bb2
Bg4 9. d3 b5 10. Bd5 Nxd5 11. exd5 Ne7 12. c4 Ng6 13. d4 bxc4 14. dxe5 O-O 15.
Re4 Bh5 16. g4 Bxg4 17. Rxg4 Re8 18. Nbd2 c6 19. Nxc4 dxe5 20. Ncxe5 Nxe5 21.
Nxe5 Qf6 22. Nd3 Qf5 23. Rxg7+ Kf8 24. Nc5 Bb8 25. Qd4 Be5 26. Qg4 Qxg4+ 27.
Rxg4 Bxb2 28. Rb1 Bxa3 29. d6 a5 30. Nd7# 1-0

[Event "Open Est 2013-2014"]
[Site "Salle Lakanal Aubagne"]
[Date "2014.02.15"]
[Round "6.19"]
[White "Blanc, Maxime"]
[Black "Alquier, Matthieu"]
[Result "1-0"]
[WhiteElo "1199"]
[BlackElo "1599"]
[PlyCount "101"]
[EventDate "2014.??.??"]

1. c4 b6 2. Nc3 Bb7 3. d3 e6 4. Nf3 Bb4 5. Bd2 Ne7 6. g3 Nbc6 7. a3 Bxc3 8.
Bxc3 O-O 9. Bg2 d5 10. e3 f6 11. O-O e5 12. b4 d4 13. exd4 Nxd4 14. Nxd4 Bxg2
15. Ne6 Qe8 16. Kxg2 Qc6+ 17. Qf3 Qxe6 18. Rfe1 Qd7 19. Rad1 Nc6 20. Qd5+ Qxd5+
21. cxd5 Nd4 22. Bxd4 exd4 23. Re4 Rfe8 24. Rxd4 Rad8 25. Rc4 Rd6 26. Rxc7 Red8
27. Rxa7 Rxd5 28. Ra6 Rxd3 29. Rxd3 Rxd3 30. a4 Ra3 31. Rxb6 Rxa4 32. Rb8+ Kf7
33. Rb7+ Kg6 34. g4 f5 35. gxf5+ Kf6 36. f4 Kxf5 37. Rxg7 Kxf4 38. Kh3 Kf5 39.
b5 Rb4 40. Rxh7 Kg6 41. Rb7 Kf6 42. Kg3 Ke6 43. h4 Kd6 44. h5 Ke6 45. h6 Rd4
46. h7 Rd8 47. Rg7 Rh8 48. b6 Kf6 49. Rc7 Kg6 50. b7 Rxh7 51. Rxh7 1-0

[Event "Open Est 2013-2014"]
[Site "Salle Lakanal Aubagne"]
[Date "2014.02.15"]
[Round "6.20"]
[White "Lognos, Lina"]
[Black "Vicari-Vento, Salvatore"]
[Result "0-1"]
[WhiteElo "1188"]
[BlackElo "1472"]
[PlyCount "110"]
[EventDate "2014.??.??"]

1. c4 Nf6 2. Nc3 d6 3. Nf3 g6 4. g3 Bg7 5. Bg2 O-O 6. O-O e5 7. d3 c6 8. Bd2
Nbd7 9. Rb1 b6 10. b4 Rb8 11. a4 Re8 12. a5 bxa5 13. bxa5 Rxb1 14. Qxb1 Qxa5
15. Ng5 Qc7 16. Nge4 Nxe4 17. Nxe4 Nf6 18. Nxf6+ Bxf6 19. Bc3 Bg7 20. Qb3 Be6
21. Rb1 d5 22. Qb7 Rc8 23. Qxc7 Rxc7 24. Rb8+ Rc8 25. Rb7 dxc4 26. dxc4 Bxc4
27. e3 a6 28. Rb6 Bb5 29. Rb7 Rd8 30. Bf1 Rd1 31. Rb8+ Bf8 32. Bb4 Kg7 33.
Bxf8+ Kf6 34. Kg2 Bxf1+ 35. Kf3 Rd7 36. Rb6 Bb5 37. Bb4 h5 38. Bc3 Ke6 39. Rb8
c5 40. Re8+ Re7 41. Rc8 c4 42. Rh8 f6 43. e4 Rg7 44. h4 Rd7 45. Ke3 Rd3+ 46.
Ke2 Rxc3 47. Kd2 Rd3+ 48. Kc2 Rd4 49. f3 Rd3 50. Rh6 Kf7 51. Rh7+ Kg8 52. Rc7
Rxf3 53. Rc8+ Kf7 54. Rc7+ Ke6 55. Rc8 Rxg3 0-1

[Event "Open Est 2013-2014"]
[Site "Salle Lakanal Aubagne"]
[Date "2014.02.15"]
[Round "6.21"]
[White "Batalov, Azat"]
[Black "Besucco, Guy"]
[Result "1-0"]
[WhiteElo "1380"]
[BlackElo "1470"]
[PlyCount "53"]
[EventDate "2014.??.??"]

1. c4 f5 2. Nc3 Nf6 3. g3 e6 4. Bg2 d5 5. d3 Bd6 6. cxd5 exd5 7. Bxd5 c6 8. Bg2
O-O 9. Nf3 Nbd7 10. O-O h6 11. Nd4 Nc5 12. b4 Na6 13. Qb3+ Kh8 14. b5 Nc5 15.
Qc4 Qc7 16. bxc6 b6 17. Ndb5 Ba6 18. Nxc7 Bxc4 19. Nxa8 Bd5 20. Nb5 Be5 21. d4
Bxg2 22. Kxg2 Bxd4 23. Nxd4 Rxa8 24. c7 Rc8 25. Bf4 Ne8 26. Nb5 Nf6 27. Nxa7
1-0

[Event "Open Est 2013-2014"]
[Site "Salle Lakanal Aubagne"]
[Date "2014.02.15"]
[Round "6.23"]
[White "Gallo, Nicolas"]
[Black "Escaillon, Gilbert"]
[Result "1-0"]
[WhiteElo "1520"]
[BlackElo "1130"]
[PlyCount "53"]
[EventDate "2014.??.??"]

1. e4 d5 2. exd5 Qxd5 3. Nc3 Qd8 4. d4 Nc6 5. Be3 Nf6 6. h3 e5 7. Bb5 Bf5 8.
Qf3 Bd7 9. Rd1 Bb4 10. dxe5 Bxc3+ 11. bxc3 O-O 12. exf6 Qxf6 13. Qxf6 gxf6 14.
Rxd7 Ne5 15. Rxc7 Rfc8 16. Rxc8+ Rxc8 17. Ne2 Nc4 18. Bxc4 Rxc4 19. Bxa7 Ra4
20. Bd4 Kg7 21. O-O Rxa2 22. Rb1 Rxc2 23. Ng3 Kg6 24. Rxb7 h5 25. Rb6 h4 26.
Rxf6+ Kg5 27. f4# 1-0

[Event "Open Est 2013-2014"]
[Site "Salle Lakanal Aubagne"]
[Date "2014.02.15"]
[Round "6.24"]
[White "Rasolo, Loick"]
[Black "Danthier, Christophe"]
[Result "1-0"]
[WhiteElo "1365"]
[BlackElo "1499"]
[PlyCount "39"]
[EventDate "2014.??.??"]

1. e4 e5 2. Nf3 d6 3. Bc4 Nf6 4. d3 c6 5. Bg5 h6 6. Bh4 g5 7. Bg3 g4 8. Nfd2 b5
9. Bb3 a5 10. a3 a4 11. Ba2 Nh5 12. Nc3 Nxg3 13. hxg3 h5 14. Qe2 h4 15. O-O-O
h3 16. gxh3 Rxh3 17. Rxh3 gxh3 18. Qf3 f6 19. Qh5+ Ke7 20. Qf7# 1-0

[Event "Open Est 2013-2014"]
[Site "Salle Lakanal Aubagne"]
[Date "2014.02.15"]
[Round "6.25"]
[White "Rocchia, Alex"]
[Black "Ghazarian, David"]
[Result "1-0"]
[WhiteElo "1499"]
[BlackElo "1290"]
[PlyCount "43"]
[EventDate "2014.??.??"]

1. e4 e5 2. Nf3 Nc6 3. Bc4 Bc5 4. d3 Nf6 5. O-O d5 6. exd5 Nxd5 7. Nc3 Nxc3 8.
bxc3 O-O 9. Bb5 Qd6 10. Bxc6 bxc6 11. Ng5 Ba6 12. Ne4 Qd5 13. a4 f5 14. Nxc5
Qxc5 15. Bb2 e4 16. Ba3 Qxc3 17. Bxf8 Rxf8 18. Re1 exd3 19. cxd3 Bxd3 20. Re3
Rd8 21. Rc1 Bc2 22. Qxd8+ 1-0

[Event "Open Est 2013-2014"]
[Site "Salle Lakanal Aubagne"]
[Date "2014.02.15"]
[Round "6.26"]
[White "Garbe, Georges"]
[Black "Yahia-Amar, Hocine"]
[Result "0-1"]
[WhiteElo "1280"]
[BlackElo "1499"]
[PlyCount "82"]
[EventDate "2014.??.??"]

1. f4 d6 2. Nf3 Nc6 3. e3 e5 4. Be2 Bg4 5. O-O h6 6. b3 g5 7. Bb2 f6 8. Qe1
exf4 9. Bd3 Nce7 10. Bxf6 Nxf6 11. h3 Bxf3 12. Rxf3 Qd7 13. exf4 g4 14. Rg3 h5
15. h4 O-O-O 16. Nc3 Nc6 17. Qf2 b6 18. Ba6+ Kb8 19. Re1 Nb4 20. d3 Nxa6 21.
Ne4 Bg7 22. Rge3 Nd5 23. R3e2 Bh6 24. Ng5 Rdf8 25. g3 c5 26. c4 Bxg5 27. hxg5
Nab4 28. Rd2 h4 29. cxd5 h3 30. Kh2 Nxd5 31. Rde2 Re8 32. Rc1 Re7 33. Rc4 Nb4
34. Rce4 Rhe8 35. Qe3 Nd5 36. Qf2 Qf5 37. Re1 Rxe4 38. Rxe4 Rxe4 39. dxe4 Qxe4
40. f5 Qf3 41. g6 Qxf2+ 0-1

[Event "Open Est 2013-2014"]
[Site "Salle Lakanal Aubagne"]
[Date "2014.02.15"]
[Round "6.27"]
[White "Frontera, Pierre"]
[Black "Pouliquen, Gilbert"]
[Result "1-0"]
[WhiteElo "1410"]
[BlackElo "1290"]
[PlyCount "75"]
[EventDate "2014.??.??"]

1. d4 f5 2. Nc3 d5 3. Nf3 Nf6 4. e3 e6 5. Be2 c5 6. O-O Be7 7. b3 O-O 8. Bb2
Nc6 9. a3 Ne4 10. Nxe4 fxe4 11. Nd2 cxd4 12. exd4 Bg5 13. Nb1 Qd6 14. c4 Qe7
15. Nc3 dxc4 16. Bxc4 Na5 17. Nxe4 Nxc4 18. bxc4 b6 19. a4 Bb7 20. Ba3 Qc7 21.
Nxg5 Rf6 22. Qd3 g6 23. Rae1 Qc6 24. f3 Re8 25. d5 exd5 26. cxd5 Qd7 27. Rxe8+
Qxe8 28. d6 Bc6 29. Qc4+ Kg7 30. Bb2 Qe3+ 31. Kh1 Qe8 32. Bxf6+ Kxf6 33. Ne4+
Kg7 34. Qd4+ Kh6 35. Qd2+ Kg7 36. Re1 Qf7 37. Qc3+ Kh6 38. Qxc6 1-0

[Event "Open Est 2013-2014"]
[Site "Salle Lakanal Aubagne"]
[Date "2014.02.15"]
[Round "6.28"]
[White "Masson, Wally"]
[Black "Moerenhout, Jean Claude"]
[Result "0-1"]
[WhiteElo "1280"]
[BlackElo "1410"]
[PlyCount "60"]
[EventDate "2014.??.??"]

1. e4 e5 2. Nf3 Nc6 3. Bc4 Bc5 4. O-O Nf6 5. c3 O-O 6. Re1 d6 7. d4 exd4 8.
cxd4 Bb6 9. Bg5 h6 10. Bf4 Bg4 11. Qd3 Bxf3 12. Qxf3 Nxd4 13. Qd1 Qd7 14. Be3
Nc6 15. Nc3 Ne5 16. Bd5 c6 17. Bb3 Nfg4 18. h3 Nxe3 19. fxe3 Rad8 20. Ba4 Qe7
21. Qe2 Qg5 22. Rad1 a6 23. Bb3 Kh8 24. a4 f5 25. Be6 f4 26. Kh1 Bxe3 27. Bf5
Rf6 28. b4 Rdf8 29. b5 f3 30. Qxe3 Qxg2# 0-1

[Event "Open Est 2013-2014"]
[Site "Salle Lakanal Aubagne"]
[Date "2014.02.15"]
[Round "6.29"]
[White "Strate, Francois"]
[Black "Monteil, Marie-Joseph"]
[Result "1-0"]
[WhiteElo "1373"]
[BlackElo "1260"]
[PlyCount "89"]
[EventDate "2014.??.??"]

1. d4 f5 2. Bg5 Nf6 3. Bxf6 exf6 4. e3 c6 5. Nc3 d5 6. Bd3 Bd6 7. Nf3 O-O 8.
Nh4 g6 9. Qd2 Qe7 10. f4 Be6 11. O-O-O a5 12. Qe2 a4 13. a3 Bd7 14. h3 b5 15.
Nb1 b4 16. g4 bxa3 17. bxa3 Kh8 18. gxf5 g5 19. fxg5 fxg5 20. Nf3 Bxf5 21. Rdg1
Bxd3 22. cxd3 Rg8 23. Qg2 Qxe3+ 24. Qd2 Qxd2+ 25. Kxd2 Bf4+ 26. Kc2 h6 27. Nc3
Nd7 28. Re1 Nf6 29. Re6 Rg6 30. Rxc6 Ra7 31. Nxd5 Kg7 32. Nxf6 Rxf6 33. d5 Rd7
34. Rxf6 Kxf6 35. Kc3 Rxd5 36. Rb1 Bd6 37. Rb6 Ke7 38. Ra6 Bxa3 39. Rxh6 Rc5+
40. Kd4 Bb4 41. Rb6 Rf5 42. Ne5 a3 43. Rxb4 Rf4+ 44. Kc3 Rxb4 45. Nc6+ 1-0

[Event "Open Est 2013-2014"]
[Site "Salle Lakanal Aubagne"]
[Date "2014.02.15"]
[Round "6.30"]
[White "Yahia Amar, Clement"]
[Black "Rieu, Jean"]
[Result "0-1"]
[WhiteElo "1250"]
[BlackElo "1360"]
[PlyCount "38"]
[EventDate "2014.??.??"]

1. e4 b6 2. Nf3 e6 3. Nc3 Bb7 4. Bc4 Bb4 5. d3 Nf6 6. Bg5 h6 7. Bh4 Nc6 8. e5
g5 9. exf6 gxh4 10. Nxh4 Qxf6 11. Nf3 Bxc3+ 12. bxc3 Qxc3+ 13. Nd2 Nd4 14. O-O
Nxc2 15. Rc1 Qg7 16. g3 Nd4 17. Bb3 h5 18. Rxc7 Rb8 19. Qc1 Ne2# 0-1